| 000 | 00409nam a22001457a 4500 | ||
|---|---|---|---|
| 005 | 20250121124156.0 | ||
| 008 | 250121b |||||||| |||| 00| 0 eng d | ||
| 082 |
_aX62 Q1;5 _b Q1;5 |
||
| 100 | _aSingh, Avtar | ||
| 245 |
_aBankkari Vidhirat Parkramya Likhit Adhiniyam _cby Avtar Singh |
||
| 250 | _a6th | ||
| 260 |
_aLucknow _bEBC _c2011 |
||
| 300 | _axxxix, 416p. | ||
| 942 |
_2CC _hX62 _iQ1;5 _kLCT |
||
| 999 |
_c1238222 _d1238222 |
||